01872nam a2200337 a 4500001001200000003000800012006001900020007001500039008004100054020001800095020001500113040002100128035002100149043001200170050002600182245038900208260005700597300002200654504004100676533015200717610007100869650006500940650004601005650003501051655002901086710011901115710008201234710007501316710001701391856012601408ebr10286199CaPaEBRm u cr cn|||||||||091002s2009 dcua sb 000 0 eng d z9780309128568 z0309128560 aCaPaEBRcCaPaEBR a(OCoLC)649900749 an-us---14aTP156.C35bC38 2009eb00aCatalysis for energyh[electronic resource] :bfundamental science and long-term impacts of the U.S. Department of Energy Basic Energy Sciences Catalysis Science Program /cCommittee on the Review of the Basic Energy Sciences Catalysis Science Program, Board on Chemical Sciences and Technology, Division on Earth and Life Studies, National Research Council of the National Academies. aWashington, D.C. :bNational Academies Press,c2009. ax, 128 p. :bill. aIncludes bibliographical references. aElectronic reproduction.bPalo Alto, Calif. :cebrary,d2013.nAvailable via World Wide Web.nAccess may be limited to ebrary affiliated libraries.10aUnited States.bDept. of Energy.bOffice of Basic Energy Sciences. 0aCatalysisxIndustrial applicationsxResearchzUnited States. 0aPower resourcesxResearchzUnited States. 0aFuelxResearchzUnited States. 7aElectronic books.2local2 aNational Research Council (U.S.).bCommittee on the Review of the Basic Energy Sciences Catalysis Science Program.2 aNational Research Council (U.S.).bBoard on Chemical Sciences and Technology.2 aNational Research Council (U.S.).bDivision on Earth and Life Studies.2 aebrary, Inc.40uhttp://site.ebrary.com/lib/rucke/Doc?id=10286199zAn electronic book accessible through the World Wide Web; click to view